Entretien avec Évelyne Lhoste (notice n° 1597101)
[ vue normale ]
| 000 -LEADER | |
|---|---|
| fixed length control field | 01157cam a2200181 4500500 |
| 005 - DATE AND TIME OF LATEST TRANSACTION | |
| control field | 20251228074209.0 |
| 041 ## - LANGUAGE CODE | |
| Language code of text/sound track or separate title | fre |
| 042 ## - AUTHENTICATION CODE | |
| Authentication code | dc |
| 100 10 - MAIN ENTRY--PERSONAL NAME | |
| Personal name | Lhoste, Évelyne |
| Relator term | author |
| 245 00 - TITLE STATEMENT | |
| Title | Entretien avec Évelyne Lhoste |
| 260 ## - PUBLICATION, DISTRIBUTION, ETC. | |
| Date of publication, distribution, etc. | 2019.<br/> |
| 500 ## - GENERAL NOTE | |
| General note | 86 |
| 520 ## - SUMMARY, ETC. | |
| Summary, etc. | Définissant la sociologie publique classique comme le produit du choix des sociologues de s’adresser au public le plus large possible pour répondre à la demande diffuse de description et d’explication des phénomènes sociaux, l’auteure examine la diffusion de la sociologie en France depuis l’après-guerre. Ce qui lui permet de montrer que les sociologues français n’ont pratiquement pas fait de sociologie publique et d’en chercher les bonnes ou mauvaises raisons. Elle s’interroge également sur les formes de sociologie publique classique qui se développent actuellement. |
| 700 10 - ADDED ENTRY--PERSONAL NAME | |
| Personal name | Colmellere, Cynthia |
| Relator term | author |
| 700 10 - ADDED ENTRY--PERSONAL NAME | |
| Personal name | Lacour, Stéphanie |
| Relator term | author |
| 786 0# - DATA SOURCE ENTRY | |
| Note | Sociologies pratiques | 38 | 1 | 2019-03-27 | p. 31-34 | 1235-9278 |
| 856 41 - ELECTRONIC LOCATION AND ACCESS | |
| Uniform Resource Identifier | <a href="https://shs.cairn.info/revue-sociologies-pratiques-2019-1-page-31?lang=fr&redirect-ssocas=7080">https://shs.cairn.info/revue-sociologies-pratiques-2019-1-page-31?lang=fr&redirect-ssocas=7080</a> |
Pas d'exemplaire disponible.




Réseaux sociaux